Lingua e civiltà d'Italia : (Registro nro. 4863)

Detalles MARC
000 -CABECERA
campo de control de longitud fija 00667nam a2200205 a 4500
001 - NÚMERO DE CONTROL
campo de control Rebiun10766027
003 - IDENTIFICADOR DEL NÚMERO DE CONTROL
campo de control AR-RoIUNI
005 - FECHA Y HORA DE LA ÚLTIMA TRANSACCIÓN
campo de control 20190703154219.0
008 - DATOS DE LONGITUD FIJA--INFORMACIÓN GENERAL
campo de control de longitud fija 960228r19881987it r 000 ita d
020 ## - NÚMERO INTERNACIONAL ESTÁNDAR DEL LIBRO
Número Internacional Estándar del Libro 8800852920
040 ## - FUENTE DE LA CATALOGACIÓN
Centro catalogador/agencia de origen UAM.ID.
Centro/agencia modificador UEX.BICECA
Centro/agencia transcriptor AR-RoIUNI
080 ## - NÚMERO DE LA CLASIFICACIÓN DECIMAL UNIVERSAL
Número de la Clasificación Decimal Universal 811.131.1 AMO
100 1# - ENTRADA PRINCIPAL--NOMBRE DE PERSONA
Nombre de persona Amorini, Enzo
245 10 - MENCIÓN DE TÍTULO
Título Lingua e civiltà d'Italia :
Resto del título Grammatica di livello elementare ed intermedio
Mención de responsabilidad, etc. Enzo Amorini, Alberto Mazzetti ; Università Italiana per Stranieri, Perugia
260 ## - PUBLICACIÓN, DISTRIBUCIÓN, ETC. (PIE DE IMPRENTA)
Lugar de publicación, distribución, etc. Firenze
Nombre del editor, distribuidor, etc. Le Monnier
Fecha de publicación, distribución, etc. 1988
300 ## - DESCRIPCIÓN FÍSICA
Extensión vi, 290 p.
Otras características físicas il ;
Dimensiones 24 cm.
650 10 - PUNTO DE ACCESO ADICIONAL DE MATERIA--TÉRMINO DE MATERIA
Término de materia o nombre geográfico como elemento inicial Italiano
Subdivisión general Lengua
9 (RLIN) 544
700 1# - PUNTO DE ACCESO ADICIONAL--NOMBRE DE PERSONA
Nombre de persona Mazzetti, Alberto
942 ## - ELEMENTOS DE PUNTO DE ACCESO ADICIONAL (KOHA)
Fuente del sistema de clasificación o colocación Clasificación Decimal Universal
Tipo de ítem Koha Libros
Existencias
Estado de retiro Estado de pérdida Fuente del sistema de clasificación o colocación Estado dañado Excepción de préstamo Código de colección Localización permanente Ubicación/localización actual Ubicación en estantería Fecha de adquisición Número de inventario Total de préstamos Signatura topográfica completa Código de barras Fecha visto por última vez Precio válido a partir de Tipo de ítem Koha
    Clasificación Decimal Universal     Idiomas BIBLIOTECA CENTRAL BIBLIOTECA CENTRAL BIBLIOTECA CENTRAL 03/07/2019 6336   811.131.1 AMO 6336c 03/07/2019 03/07/2019 Libros